Seoul Metropolitan Subway Line 1 Stations - Statistics

General Stats
  • This quiz has been taken 100 times
    62 since last reset
  • The average score is 43 of 105
Answer Stats
Line Station
Number
Station Name Transfer % Correct
Seoul Subway Line 1 133 Seoul Station Line 4Gyeongui-Jungang Line Airport Railroad
86%
Seoul Subway Line 1 132 City Hall Line 2
82%
Gyeongin Line 161 Incheon Suin-Bundang Line
76%
Gyeongbu Line 141 Guro Line 1 (Gyeongbu Line)
72%
GyeongbuLine 141 Guro Line 1 (Gyeongin Line)
72%
Seoul Subway Line 1 128 Dongdaemun Line 4
70%
Gyeongbu Line 135 Yongsan Gyeongui-Jungang Line
70%
Gyeongbu Line P155 Suwon Suin-Bundang Line
62%
Seoul Subway Line 1 127 Dongmyo Line 6
60%
Seoul Subway Line 1 126 Sinseol-dong Line 2LRT Ui-Sinseol Line
60%
Gyeongbu Line P169 Cheonan
58%
Gyeongwon Line 114 Dobong
58%
Seoul Subway Line 1 131 Jonggak
58%
Gyeongbu Line 140 Sindorim Line 2
58%
GyeongwonLine 100 Soyosan
58%
Gyeongbu Line 136 Noryangjin Line 9
56%
Gyeongwon Line 113 Dobongsan Line 7
54%
Gyeongin Line 160 Dongincheon
54%
Gyeongbu Line P142 Gasan Digital Complex Line 7
54%
Gyeongwon Line 123 Hoegi Gyeongui-Jungang LineGyeongchun Line
54%
Gyeongbu Line 138 Singil Line 5
54%
Gyeongbu Line 139 Yeongdeungpo
54%
Seoul Subway Line 1 129 Jongno 5(o)-ga(Samyang Group)
52%
GyeongbuLine 134 Namyeong
52%
Gyeongwon Line 110 Uijeongbu
52%
Seoul SubwayLine 1 124 Cheongnyangni(University of Seoul) Gyeongui-Jungang LineGyeongchun Line Suin-Bundang Line
50%
GyeonginLine 142 Guil
50%
Seoul Subway Line 1 130 Jongno 3(sam)-ga Line 3Line 5
50%
Janghang Line P176 Onyangoncheon
50%
Byeongjeom
Car Depot Line (Split from Station No. P157)
P157-1 Seodongtan
50%
GyeongwonLine 100-3 Yeoncheon
50%
Seoul Subway Line 1 125 Jegi-dong(Korea Association of Health Promotion)
48%
Gyeongwon Line 119 Kwangwoon Univ. Gyeongchun Line
48%
Janghang Line P177 Sinchang(Soonchunhyang Univ.)
48%
Gyeongin Line 148 Bucheon
46%
Gyeongin Line 152 Bupyeong Incheon Metro Line 1
46%
Gyeongwon Line 101 Dongducheon
46%
Gyeongbu Line P144 Geumcheon-gu Office Line 1 (To Station No. P144-1)
46%
Gyeongin Line 147 Sosa Seohae Line
46%
Gyeongbu Line P147 Anyang
44%
Janghang Line P172 Asan
44%
Gyeongwon Line 116 Changdong Line 4
44%
Gyeongbu Line 137 Daebang LRT Sillim Line
44%
Gyeongbu High-speed Railway Line P144-1 Gwangmyeong
44%
Gyeongin Line 156 Juan Incheon Metro Line 2
44%
Gyeongin Line 145 Onsu Line 7
44%
Gyeongbu Line P157 Byeongjeom Line 1 (To Station No. P157-1)
42%
Byeongjeom Car Depot Line P157 Byeongjeom
42%
Gyeongbu Line P143 Doksan
42%
Gyeongbu High-speed Railway Line P144 Geumcheon-gu Office
42%
Gyeongbu Line P149 Geumjeong Line 4
42%
Gyeongwon Line 111 Hoeryong U Line
38%
Gyeongin Line 144 Oryu-dong
38%
Gyeongbu Line P165 Pyeongtaek
38%
Gyeongwon Line 120 Seokgye Line 6
38%
Gyeongbu Line P153 Sungkyunkwan Univ.
38%
Gyeongbu Line P152 Uiwang
38%
Gyeongwon Line 103 Dongducheon Jungang
36%
Gyeongbu Line P146 Gwanak
36%
Gyeongwon Line 122 Hankuk Univ. of Foreign Studies
36%
Gyeongbu Line P154 Hwaseo
36%
Gyeongbu Line P145 Seoksu
36%
Gyeongwon Line 121 Sinimun
36%
Gyeongin Line 143 Gaebong
34%
Gyeongbu Line P150 Gunpo
34%
Gyeongbu Line P160 Osan
34%
Gyeongbu Line P164 PyeongtaekJije
34%
Gyeongwon Line 107 Yangju
34%
Gyeongwon Line 109 Ganeung
32%
Gyeongin Line 150 Songnae
32%
Gyeongwon Line 118 Wolgye
32%
Gyeongin Line 146 Yeokgok
32%
Gyeongwon Line 102 Bosan
30%
Gyeongin Line 159 Dowon
30%
Gyeongin Line 158 Jemulpo
30%
GyeongwonLine 100-2 Jeongok
30%
Gyeongbu Line P158 Sema
30%
Gyeongwon Line 115 Banghak
28%
Gyeongin Line 151 Bugae
28%
Gyeongbu Line P151 Dangjeong
28%
Gyeongin Line 149 Jung-dong
28%
Gyeongbu Line P156 Seryu
28%
Gyeongin Line 153 Baegun
26%
Gyeongin Line 157 Dohwa
26%
Gyeongin Line 155 Ganseok
26%
Gyeongwon Line 112 Mangwolsa
26%
Gyeongbu Line P148 Myeonghak
26%
Janghang Line P173 Tangjeong
26%
GyeongwonLine 100-1 Cheongsan
24%
Gyeongin Line 154 Dongam
24%
Gyeongwon Line 108 Nogyang
24%
Gyeongwon Line 117 Nokcheon
24%
Gyeongbu Line P159 Osan Univ.
24%
Gyeongbu Line P163 Seojeongni
24%
Gyeongbu Line P162 Songtan
24%
Gyeongwon Line 106 Deokgye
22%
Gyeongwon Line 104 Jihaeng
22%
Gyeongbu Line P166 Seonghwan
22%
Gyeongbu Line P168 Dujeong
20%
Gyeongbu Line P167 Jiksan
20%
JanghangLine P170 Bongmyeong
18%
Gyeongwon Line 105 Deokjeong
18%
Gyeongbu Line P161 Jinwi
18%
Janghang Line P171 Ssangyong(Korea Nazarene Univ.)
18%
Janghang Line P174 Baebang
14%
No matching quizzes found
Score Distribution
Percent of People with Each Score
Percentile by Number Answered
Your Score History
You have not taken this quiz since the last reset